00573 2200217 4500001002100000005001700021008004100038035002400079090001500103100001600118245004900134260003300183300002500216500002700241650002600268850001600294980001400310985000600324986001000330999001500340YOGYA-0209000003140920090227024602.0 ind  0010-020900000031409 a693bWar P aWARSOWIWOHO aPeralatan penunjang pembangunancWarsowiwoho a[Jakarta]bRiko Jayac[1976] a112 hlmbilusc20 cm aBibliografi : hlm. 112 aAlat-alat pembangunan aYOPDYOG [B] a13-9-2006 a1 aPrref aP000017918